000 00330nam a22001337a 4500
999 _c520888
_d520888
008 221026b ||||| |||| 00| 0 eng d
100 _aSivaperuman, C.
_935584
245 _aA biological paradise
260 _aYojana
300 _a66(10), Oct, 2022: p.19-22
773 _aYojana
906 _aBIODIVERSITY
942 _cAR